10 Countries with Best Healthcare Systems - Statistics

General Stats
  • This quiz has been taken 439 times
  • The average score is 12 of 15
Answer Stats
Hint Answer % Correct
6 Sweden
93%
13 Norway
92%
16 Canada
91%
10 Germany
91%
14 France
90%
8 Australia
86%
4 Japan
85%
3 Switzerland
83%
5 Netherlands
81%
11 Belgium
79%
12 New Zealand
78%
2 Singapore
73%
1 Luxembourg
69%
9 Israel
41%
15 Qatar
36%
No matching quizzes found
Score Distribution
Percent of People with Each Score
Percentile by Number Answered
Your Score History
You have not taken this quiz